000 01294nam a2200337 i 4500
001 000044615
003 DO-SdBNP
005 20250307124602.0
007 ta
008 141209s2010 dr d 000 0 spa d
040 _aDO-SdBNP
_bspa
_cBNPHU
_erda
041 _aspa
082 4 _a305.42097293
_bR426p
_222
110 1 _aRepública Dominicana.
_bSecretaria de la Mujer.
_956158
245 1 0 _aPlan nacional de igualdad y equidad de género 2007-2017 :
_bPLANEG II /
_cpresentación, Flavia García
250 _aSegunda edición
264 1 _aSanto Domingo :
_bSecretaría de Estado de la Mujer,
_c2010.
300 _a139 páginas :
_bilustraciones gráficos ;
_c28 cm.
336 _atexto
_btxt
_2rdacontent
337 _asin mediación
_bn
_2rdamedia
338 _avolumen
_bnc
_2rdacarrier
500 _aIncluye referencias bibliográficas y notas al pie de las páginas.
590 _aInventariado, 2021 /MFF
650 4 _aMujeres
_xCondiciones sociales
_zRepública Dominicana
_98256
650 4 _aDerechos de la mujer
_zRepública Dominicana
_92757
650 4 _aEducación de la mujer
_zRepública Dominicana
_98402
700 1 _aGermán, Alejandrina
_epresentador
_4pres.
_912096
700 1 _aGarcía, Flavia
_96983
910 _aValidado. Control de calidad MFF
942 _2ddc
_cLBS1
999 _c44104
_d44104